000 00526nam a2200181 i 4500
001 76158
003 ES-MaACL
005 20230906172734.0
007 t|
008 040929s1927 sp ||||1| spa d
100 1 _aGueldner, Hugo.
_960413
245 1 0 _aMotores de combustión interna
_b: su cálculo y construcción /
_cpor H. Gueldner.
250 _a3ª ed. alemana
_bpor M. Lucini.
260 _aBarcelona :
_bLabor,
_c1927.
300 _a866 p. ;
_c28 cm.
700 1 _aLucini, M.
_974585
852 _aES-MaACL
_jC-23755
999 _c76158
_d76158